<?xml version="1.0" encoding="UTF-8"?>
<collection xmlns="http://www.loc.gov/MARC21/slim">
    <record>
        <controlfield tag="001">64777</controlfield>
        <controlfield tag="005">20180207125357.0</controlfield>
        <datafield tag="037" ind1=" " ind2=" ">
            <subfield code="a">TAZ-TFG-2017-4809</subfield>
        </datafield>
        <datafield tag="041" ind1=" " ind2=" ">
            <subfield code="a">spa</subfield>
        </datafield>
        <datafield tag="100" ind1="1" ind2=" ">
            <subfield code="a">Acín Lerís, Francho</subfield>
        </datafield>
        <datafield tag="242" ind1="0" ind2="0">
            <subfield code="a">The practice of Necromancy in Classical Antiquity</subfield>
        </datafield>
        <datafield tag="245" ind1="0" ind2="0">
            <subfield code="a">La práctica de la Nigromancia en la Antigüedad Clásica</subfield>
        </datafield>
        <datafield tag="260" ind1=" " ind2=" ">
            <subfield code="a">Zaragoza</subfield>
            <subfield code="b">Universidad de Zaragoza</subfield>
            <subfield code="c">2017</subfield>
        </datafield>
        <datafield tag="506" ind1=" " ind2=" ">
            <subfield code="a">by-nc-sa</subfield>
            <subfield code="b">Creative Commons</subfield>
            <subfield code="c">3.0</subfield>
            <subfield code="u">http://creativecommons.org/licenses/by-nc-sa/3.0/</subfield>
        </datafield>
        <datafield tag="520" ind1=" " ind2=" ">
            <subfield code="a">RESUMEN La práctica de la nigromancia en la Antigüedad Clásica fue un asunto tratado por las fuentes literarias de la antigüedad, pero pasó de ser considerada como un mero método de contacto con los muertos a serlo como una actividad negativa y/o peligrosa e incluso asociada a extranjeros y brujas. El trabajo pretende explicar la evolución de esta concepción, así como las diversas divergencias de los autores contemporáneos acerca del grado de instauración de la práctica de la nigromancia en estas civilizaciones. Además, se pretende mostrar una visión global de los estudios sobre esta práctica adivinatoria: Los lugares donde se llevaba a cabo (tanto las tumbas y los campos de batalla como los oráculos de los muertos que surgieron en Grecia con este fin), los profesionales que la practicaban, las técnicas de los diversos rituales nigrománticos y su evolución, y las concepciones que se tenían sobre ella y sobre el contacto con los muertos.  ABSTRACT During the classical era the practice of necromancy was normally treated by the literary sources of the time. It went from being a mere method to contact the dead to becoming a negative or even a dangerous activity regarded with witchcraft and aliens. The following work will try to explain the evolution of this conception, as well as the different ways of thinking that the scholars gad in relation to practice of this depending on these civilizations. Also this work pretends to show a global insight into the studies regarding the necromantic practice: the places were it takes place (in tombs and battlegrounds as well as the oracles of the dead that emerged in Greece with this purpose), the professionals that practiced it, the technologies of the various necromantic rituals and its evolution, and its perception about it , and the contact with the afterlife.</subfield>
        </datafield>
        <datafield tag="521" ind1=" " ind2=" ">
            <subfield code="a">Graduado en Historia</subfield>
        </datafield>
        <datafield tag="540" ind1=" " ind2=" ">
            <subfield code="a">Derechos regulados por licencia Creative Commons</subfield>
        </datafield>
        <datafield tag="700" ind1=" " ind2=" ">
            <subfield code="a">Marco Simón, Francisco</subfield>
            <subfield code="e">dir.</subfield>
        </datafield>
        <datafield tag="710" ind1="2" ind2=" ">
            <subfield code="a">Universidad de Zaragoza</subfield>
            <subfield code="b">Ciencias de la Antigüedad</subfield>
            <subfield code="c">Historia Antigua</subfield>
        </datafield>
        <datafield tag="856" ind1="0" ind2=" ">
            <subfield code="f">681894@celes.unizar.es</subfield>
        </datafield>
        <datafield tag="856" ind1="4" ind2=" ">
            <subfield code="s">495651</subfield>
            <subfield code="u">http://zaguan.unizar.es/record/64777/files/TAZ-TFG-2017-4809_ANE.pdf</subfield>
            <subfield code="y">Anexos (spa)</subfield>
        </datafield>
        <datafield tag="856" ind1="4" ind2=" ">
            <subfield code="s">870408</subfield>
            <subfield code="u">http://zaguan.unizar.es/record/64777/files/TAZ-TFG-2017-4809.pdf</subfield>
            <subfield code="y">Memoria (spa)</subfield>
        </datafield>
        <datafield tag="909" ind1="C" ind2="O">
            <subfield code="o">oai:zaguan.unizar.es:64777</subfield>
            <subfield code="p">driver</subfield>
            <subfield code="p">trabajos-fin-grado</subfield>
        </datafield>
        <datafield tag="950" ind1=" " ind2=" ">
            <subfield code="a"></subfield>
        </datafield>
        <datafield tag="951" ind1=" " ind2=" ">
            <subfield code="a">deposita:2018-02-07</subfield>
        </datafield>
        <datafield tag="980" ind1=" " ind2=" ">
            <subfield code="a">TAZ</subfield>
            <subfield code="b">TFG</subfield>
            <subfield code="c">FFYL</subfield>
        </datafield>
    </record>

    
</collection>